| 000 | 00588nam a2200157 a 4500 | ||
|---|---|---|---|
| 008 | 120416s1994 ||||||||||||||||| || u | ||
| 020 | _a1856040720 | ||
| 050 | _aZ 675.U5 Col | ||
| 100 | _aAdams, Marie | ||
| 245 | 1 | 0 |
_aColleges, libraries and access to learning _cedited by Marie Adams |
| 260 |
_aLondon : _bLibrary Association Publishing _c1994 |
||
| 300 | _axiv, 151p. : ill | ||
| 350 | _a0.00 | ||
| 700 | _aMcElroy, Rennie | ||
| 995 |
_D0.00 _FCBU-MAIN LIBRARY (Kitwe) _H1 _I312.00 _M1 _UAVAILABLE _ZAnnex Low-Usage Collection |
||
| 999 |
_c37709 _d37709 |
||